[Event "Mittelrhein Verbandsliga-S 18/19"]
[Site "Nordrheinwestfalen"]
[Date "2019.05.19"]
[Round "11.6"]
[White "Chaus, Maria"]
[Black "Mueller Boge, Michael"]
[Result "0-1"]
[WhiteElo "1800"]
[BlackElo "1988"]
[PlyCount "58"]
[EventDate "2018.09.02"]
[EventType "team-tourn"]
[EventRounds "11"]
[EventCountry "GER"]
[SourceTitle "EXT 2022"]
[Source "ChessBase"]
[SourceDate "2021.10.06"]
[SourceVersion "1"]
[SourceVersionDate "2021.10.06"]
[SourceQuality "1"]
[WhiteTeam "Satranc Club"]
[BlackTeam "Godesberg II"]
[WhiteTeamCountry "GER"]
[BlackTeamCountry "GER"]

1. e4 c5 2. Nc3 d6 3. f4 g6 4. Nf3 Bg7 5. Bc4 Nc6 6. 0-0 e6 7. d3 Nge7 8. Qe1 0-0 9. Nh4 Nd4 10. Qf2 d5 11. Bb3 b5 12. f5 gxf5 13. exf5 Nexf5 14. Nxf5 Nxf5 15. Kh1 c4 16. dxc4 dxc4 17. Nxb5 cxb3 18. axb3 Bb7 19. Bf4 Qb6 20. c4 Qxf2 21. Rxf2 Rfd8 22. h3 Rd3 23. b4 Rxh3+ 24. Kg1 Rb3 25. g4 Nh4 26. Rd1 Rxb4 27. Nd6 Bc6 28. Be3 Nf3+ 29. Kf1 Rxb2 0-1

[Event "Mittelrhein Regionalliga 1718"]
[Site "Nordrheinwestfalen"]
[Date "2018.02.25"]
[Round "7.3"]
[White "Mueller Boge, Michael"]
[Black "Juegel, Marcel"]
[Result "0-1"]
[WhiteElo "2007"]
[BlackElo "2101"]
[PlyCount "40"]
[EventDate "2017.09.10"]
[EventType "team-tourn"]
[EventRounds "9"]
[EventCountry "GER"]
[SourceTitle "EXT 2022"]
[Source "ChessBase"]
[SourceDate "2021.10.06"]
[SourceVersion "1"]
[SourceVersionDate "2021.10.06"]
[SourceQuality "1"]
[WhiteTeam "Godesberg II"]
[BlackTeam "Aachen DJK Aufwärts III"]
[WhiteTeamCountry "GER"]
[BlackTeamCountry "GER"]

1. e4 e6 2. d4 b6 3. Nf3 Bb7 4. Bd3 c5 5. c3 Nf6 6. e5 Nd5 7. Be4 c4 8. b3 Qc7 9. bxc4 Qxc4 10. Nfd2 Qc7 11. c4 Nb4 12. a3 Bxe4 13. Nxe4 Qxc4 14. axb4 Bxb4+ 15. Bd2 Qxd4 16. Qf3 Bxd2+ 17. Nbxd2 Qxa1+ 18. Ke2 Qa6+ 19. Ke1 Nc6 20. Nd6+ Kd8 0-1

[Event "Mittelrhein Regionalliga 16/17"]
[Site "Nordrheinwestfalen"]
[Date "2017.04.30"]
[Round "11.8"]
[White "Mueller Boge, Michael"]
[Black "Hiby, Harald"]
[Result "1/2-1/2"]
[WhiteElo "2005"]
[BlackElo "1657"]
[PlyCount "39"]
[EventDate "2016.09.11"]
[EventType "team-tourn"]
[EventRounds "11"]
[EventCountry "GER"]
[SourceTitle "EXT 2022"]
[Source "ChessBase"]
[SourceDate "2021.10.06"]
[SourceVersion "1"]
[SourceVersionDate "2021.10.06"]
[SourceQuality "1"]
[WhiteTeam "Godesberg II"]
[BlackTeam "Dormagen SV"]
[WhiteTeamCountry "GER"]
[BlackTeamCountry "GER"]

1. e4 e6 2. d4 d5 3. Nc3 Nf6 4. Bg5 Be7 5. e5 Nfd7 6. Bxe7 Qxe7 7. f4 0-0 8. Nf3 c5 9. Qd2 Nc6 10. dxc5 Nxc5 11. Bd3 Nxd3+ 12. cxd3 a6 13. Rc1 Bd7 14. Ne2 Qb4 15. a3 Qb6 16. Nc3 Nd4 17. Nxd4 Qxd4 18. Ne2 Qb6 19. Qb4 Qxb4+ 20. axb4 1/2-1/2

[Event "Mittelrhein Regionalliga 15/16"]
[Site "Nordrheinwestfalen"]
[Date "2016.01.31"]
[Round "6.7"]
[White "Mueller Boge, Michael"]
[Black "Schulten, Berthold"]
[Result "0-1"]
[WhiteElo "1984"]
[BlackElo "1944"]
[PlyCount "116"]
[EventDate "2015.09.27"]
[EventType "team-tourn"]
[EventRounds "9"]
[EventCountry "GER"]
[SourceTitle "EXT 2022"]
[Source "ChessBase"]
[SourceDate "2021.10.06"]
[SourceVersion "1"]
[SourceVersionDate "2021.10.06"]
[SourceQuality "1"]
[WhiteTeam "Godesberg II"]
[BlackTeam "Aachen PTSV"]
[WhiteTeamCountry "GER"]
[BlackTeamCountry "GER"]

1. e4 c5 2. Nf3 Nc6 3. d4 cxd4 4. Nxd4 g6 5. Nc3 Bg7 6. Be3 Nf6 7. Bc4 Qa5 8. f3 Qb4 9. Bb3 Nxe4 10. Nxc6 Bxc3+ 11. bxc3 Qxc3+ 12. Ke2 dxc6 13. Bd4 e5 14. Bxc3 Nxc3+ 15. Kf2 Nxd1+ 16. Raxd1 0-0 17. Rhe1 Re8 18. Re3 Kf8 19. Rde1 Be6 20. Rxe5 Bxb3 21. axb3 Rxe5 22. Rxe5 Rd8 23. Re2 Re8 24. Rd2 Ke7 25. Rd4 Rd8 26. Re4+ Kd6 27. Ra4 a6 28. Ke3 Re8+ 29. Kf2 c5 30. c3 Re6 31. Rh4 h5 32. Rf4 f6 33. Ra4 Kd5 34. h4 Rb6 35. Ra3 a5 36. Ke3 Re6+ 37. Kf2 b6 38. Ra2 c4 39. Rd2+ Kc5 40. Rb2 cxb3 41. Rxb3 Kc4 42. Ra3 Kd3 43. Rb3 Kc2 44. Ra3 Kb2 45. Ra4 Kxc3 46. g4 Kb3 47. Rd4 a4 48. gxh5 gxh5 49. Rd5 Re5 50. Rd6 b5 51. Rxf6 a3 52. Ra6 a2 53. Ra5 Kb2 54. f4 Rf5 55. Kf3 a1Q 56. Rxa1 Kxa1 57. Ke4 Rf8 58. f5 b4 0-1

[Event "GER-chT Betriebe 15th"]
[Site "Munich"]
[Date "2015.10.24"]
[Round "5.4"]
[White "Strasser, Josef"]
[Black "Mueller Boge, Michael"]
[Result "0-1"]
[WhiteElo "1881"]
[BlackElo "1987"]
[PlyCount "84"]
[EventDate "2015.10.22"]
[EventType "team-swiss"]
[EventRounds "7"]
[EventCountry "GER"]
[SourceTitle "EXT 2020"]
[Source "ChessBase"]
[SourceDate "2019.10.17"]
[SourceVersion "1"]
[SourceVersionDate "2019.10.17"]
[SourceQuality "1"]
[WhiteTeam "Fiducia IT"]
[BlackTeam "Bonn Ernaehrung und Landwirtschaft"]
[WhiteTeamCountry "GER"]
[BlackTeamCountry "GER"]

1. e4 c5 2. Nf3 d6 3. Bb5+ Bd7 4. Bxd7+ Qxd7 5. 0-0 Nc6 6. c3 Nf6 7. Re1 e6 8. d4 cxd4 9. cxd4 d5 10. e5 Ne4 11. Nbd2 Nxd2 12. Bxd2 Be7 13. Rc1 0-0 14. Qe2 Rac8 15. a3 Nb8 16. Rxc8 Rxc8 17. Rc1 Rxc1+ 18. Bxc1 Qa4 19. Qd3 Qc4 20. Qxc4 dxc4 21. Kf1 Nc6 22. Ke2 Bd8 23. Bd2 b5 24. Kd1 Bb6 25. Be3 f6 26. exf6 gxf6 27. Kc2 Kf7 28. b3 cxb3+ 29. Kxb3 Ke7 30. a4 bxa4+ 31. Kxa4 Kd6 32. Kb3 Kd5 33. Kc3 a5 34. Kd3 a4 35. Kc3 Ba5+ 36. Kb2 Bb4 37. Kc2 Kc4 38. g4 Bc3 39. h4 a3 40. Nd2+ Bxd2 41. Bxd2 Nxd4+ 42. Kb1 Kb3 0-1

[Event "GER-chT Betriebe 15th"]
[Site "Munich"]
[Date "2015.10.22"]
[Round "2.4"]
[White "Mueller Boge, Michael"]
[Black "Baranowsky, Peter"]
[Result "1-0"]
[WhiteElo "1987"]
[BlackElo "1945"]
[PlyCount "63"]
[EventDate "2015.10.22"]
[EventType "team-swiss"]
[EventRounds "7"]
[EventCountry "GER"]
[SourceTitle "EXT 2020"]
[Source "ChessBase"]
[SourceDate "2019.10.17"]
[SourceVersion "1"]
[SourceVersionDate "2019.10.17"]
[SourceQuality "1"]
[WhiteTeam "Bonn Ernaehrung und Landwirtschaft"]
[BlackTeam "Berlin Tempelhof"]
[WhiteTeamCountry "GER"]
[BlackTeamCountry "GER"]

1. e4 c5 2. Nf3 e6 3. d4 cxd4 4. Nxd4 a6 5. Be2 Qc7 6. 0-0 Nf6 7. Nc3 b5 8. Bf3 Nc6 9. e5 Ng8 10. Nxc6 dxc6 11. Bf4 Ne7 12. Bg3 Nf5 13. Bf4 Bb7 14. Be4 c5 15. Bxf5 exf5 16. Qe2 Qc6 17. f3 Be7 18. Rad1 0-0 19. Nd5 Rfe8 20. Qf2 Rac8 21. Nxe7+ Rxe7 22. Rd6 Qe8 23. Rfd1 Re6 24. Qh4 Rxd6 25. exd6 Bc6 26. Re1 Qf8 27. Qh3 Bd7 28. Re7 Rd8 29. Qg3 Be6 30. h4 Rd7 31. Bh6 f4 32. Qxg7+ 1-0

[Event "Mittelrhein Regionalliga 1415"]
[Site "Mittelrhein"]
[Date "2014.10.19"]
[Round "2.7"]
[White "Fruehbuss, Torsten"]
[Black "Mueller Boge, Michael"]
[Result "0-1"]
[WhiteElo "1857"]
[BlackElo "2008"]
[PlyCount "112"]
[EventDate "2014.09.28"]
[EventType "team-tourn"]
[EventRounds "9"]
[EventCountry "GER"]
[SourceTitle "EXT 2023"]
[Source "ChessBase"]
[SourceDate "2022.10.05"]
[SourceVersion "1"]
[SourceVersionDate "2022.10.05"]
[SourceQuality "1"]
[WhiteTeam "Bonn Beuel"]
[BlackTeam "Godesberg III"]
[WhiteTeamCountry "GER"]
[BlackTeamCountry "GER"]

1. Nf3 Nf6 2. c4 g6 3. Nc3 d5 4. cxd5 Nxd5 5. e4 Nxc3 6. dxc3 Qxd1+ 7. Kxd1 Bg4 8. Kc2 f6 9. Be3 e5 10. Nd2 Nd7 11. f3 Be6 12. a4 h5 13. h4 Be7 14. Be2 a5 15. Nc4 Bc5 16. Bxc5 Nxc5 17. Rhd1 Ke7 18. Ra3 Rhg8 19. Rh1 Bd7 20. b3 Ne6 21. Ne3 c6 22. Bc4 Rgd8 23. Bxe6 Bxe6 24. Raa1 f5 25. Rad1 f4 26. Rxd8 Rxd8 27. Nd1 Kf6 28. Nb2 g5 29. hxg5+ Kxg5 30. c4 Bf7 31. Nd3 Kf6 32. Nb2 Rg8 33. Rh2 Rd8 34. Kc3 Rb8 35. c5 Rd8 36. Nc4 Bxc4 37. Kxc4 Kg5 38. Kc3 Rd1 39. Kc2 Rf1 40. Kb2 Kg6 41. Kc2 h4 42. Kb2 h3 43. Rxh3 Rf2+ 44. Kc3 Rxg2 45. Rh1 Rg3 46. Rf1 Kg5 47. Kc4 Kh4 48. b4 axb4 49. Kxb4 Rg2 50. Rb1 Kg3 51. Rb3 Rf2 52. Ka5 Rxf3 53. Rxb7 Re3 54. Kb6 f3 55. Rg7+ Kf4 56. Kxc6 Kxe4 0-1

[Event "Mittelrhein Regionalliga 1314"]
[Site "Mittelrhein"]
[Date "2013.10.13"]
[Round "2.6"]
[White "Goy, Udo"]
[Black "Mueller Boge, Michael"]
[Result "1/2-1/2"]
[WhiteElo "2043"]
[BlackElo "1999"]
[PlyCount "140"]
[EventDate "2013.09.15"]
[EventType "team-tourn"]
[EventRounds "11"]
[EventCountry "GER"]
[SourceTitle "EXT 2023"]
[Source "ChessBase"]
[SourceDate "2022.10.05"]
[SourceVersion "1"]
[SourceVersionDate "2022.10.05"]
[SourceQuality "1"]
[WhiteTeam "Koeln Ford SF"]
[BlackTeam "Godesberg III"]
[WhiteTeamCountry "GER"]
[BlackTeamCountry "GER"]

1. d4 Nf6 2. c4 g6 3. Nc3 d5 4. cxd5 Nxd5 5. e4 Nxc3 6. bxc3 Bg7 7. Nf3 c5 8. Rb1 0-0 9. Be2 b6 10. 0-0 Bb7 11. e5 cxd4 12. cxd4 Bd5 13. a4 Nc6 14. Be3 Na5 15. Nd2 Rc8 16. h4 h6 17. h5 g5 18. Bd3 Rc3 19. Ne4 Ra3 20. Bc1 Rb3 21. Nxg5 hxg5 22. Bxg5 Qd7 23. h6 Rxd3 24. Qxd3 Qg4 25. Qg3 Qxg3 26. fxg3 Bh8 27. Bxe7 Rc8 28. Bb4 Nc6 29. Rfc1 Rd8 30. Bc3 Kh7 31. Kf2 Kxh6 32. Rb5 Kg6 33. Bb2 Be4 34. Rc4 Ne7 35. Rc7 Nc6 36. d5 Nxe5 37. Rxa7 Ng4+ 38. Ke2 Bxb2 39. Rxb2 Rd6 40. Ra6 Rxd5 41. Raxb6+ f6 42. Rd2 Re5 43. Rb5 Bd5+ 44. Kd3 Re3+ 45. Kd4 Bc6 46. Rb4 Rxg3 47. a5 Ne5 48. Ra2 Bxg2 49. Rbb2 Rg4+ 50. Kc3 Rc4+ 51. Kd2 Rc7 52. Rb8 Bd5 53. Ra1 Bc4 54. a6 Ra7 55. Rb6 Bd3 56. Kc3 Kg5 57. Rg1+ Kf5 58. Ra1 Be2 59. Ra2 Bf3 60. Kd4 Rd7+ 61. Kc3 Rd3+ 62. Kc2 Be4 63. Rb4 Nc6 64. Rba4 Na7 65. Kc1 Ke5 66. Ra5+ Kd4 67. Rc2 Ke3 68. Rc7 Rb3 69. Ra1 Nc6 70. a7 Nxa7 1/2-1/2

[Event "Regionalliga Mittelrhein 1213"]
[Site "Germany"]
[Date "2013.05.26"]
[Round "11.4"]
[White "Mueller Boge, Michael"]
[Black "Peters, Alex"]
[Result "1/2-1/2"]
[WhiteElo "2058"]
[BlackElo "2132"]
[PlyCount "124"]
[EventDate "2012.09.09"]
[EventType "team"]
[EventRounds "11"]
[EventCountry "GER"]
[SourceTitle "EXT 2015"]
[Source "ChessBase"]
[SourceDate "2014.11.20"]
[SourceVersion "1"]
[SourceVersionDate "2014.11.20"]
[SourceQuality "1"]
[WhiteTeam "Godesberg III"]
[BlackTeam "Bruehl"]
[WhiteTeamCountry "GER"]
[BlackTeamCountry "GER"]

1. e4 e6 2. d4 d5 3. Nc3 dxe4 4. Nxe4 Bd7 5. c4 Nf6 6. Nc3 Bb4 7. Nf3 c5 8. a3 Bxc3+ 9. bxc3 Qa5 10. Bd2 Ne4 11. Bd3 Nxd2 12. Qxd2 0-0 13. 0-0 cxd4 14. cxd4 Qxd2 15. Nxd2 Rd8 16. Nf3 Bc6 17. Rfd1 Bxf3 18. gxf3 Nc6 19. d5 Ne5 20. Be2 exd5 21. cxd5 Rac8 22. Rac1 g5 23. Rb1 b6 24. Rb4 Rc3 25. Ra4 a5 26. Kg2 Rd6 27. Re4 Ng6 28. a4 Nf4+ 29. Kg3 Rxd5 30. Rxd5 Nxd5 31. Re5 Rc5 32. Rxg5+ Kf8 33. Rg4 f5 34. Rd4 Nc3 35. Bd3 Ke7 36. Kf4 Rd5 37. Rxd5 Nxd5+ 38. Kxf5 Nc3 39. Bc2 b5 40. axb5 Nxb5 41. Ke5 h6 42. f4 Nc3 43. f5 a4 44. f6+ Kf7 45. Kd4 Nb5+ 46. Kc5 Nc7 47. Bxa4 Kxf6 48. Kd4 Ne6+ 49. Ke3 Nf8 50. Be8 Kg5 51. Ke4 Kf6 52. Kf4 Ne6+ 53. Kg4 Nd4 54. Bd7 Kg6 55. h4 Ne2 56. Be8+ Kf6 57. Bd7 Nd4 58. Kf4 Ne2+ 59. Ke3 Nc3 60. Bg4 Ke5 61. f4+ Kf6 62. Kd4 Nb5+ 1/2-1/2

[Event "Regionalliga Mittelrhein 1213"]
[Site "Germany"]
[Date "2013.04.14"]
[Round "9.5"]
[White "Jopek, Eugeniusz"]
[Black "Mueller Boge, Michael"]
[Result "1-0"]
[WhiteElo "1903"]
[BlackElo "2058"]
[PlyCount "61"]
[EventDate "2012.09.09"]
[EventType "team"]
[EventRounds "11"]
[EventCountry "GER"]
[SourceTitle "EXT 2015"]
[Source "ChessBase"]
[SourceDate "2014.11.20"]
[SourceVersion "1"]
[SourceVersionDate "2014.11.20"]
[SourceQuality "1"]
[WhiteTeam "Pulheim"]
[BlackTeam "Godesberg III"]
[WhiteTeamCountry "GER"]
[BlackTeamCountry "GER"]

1. e4 c5 2. Nf3 d6 3. d4 cxd4 4. Nxd4 Nf6 5. Nc3 a6 6. Bg5 Nbd7 7. f4 Qc7 8. Qf3 h6 9. Bxf6 Nxf6 10. f5 Qc5 11. 0-0-0 g6 12. g4 Bg7 13. Nb3 Qe5 14. Bc4 e6 15. Nd4 0-0 16. Bb3 Bd7 17. h4 Rfe8 18. g5 Nh5 19. Nce2 exf5 20. exf5 Bxf5 21. Nxf5 Qxf5 22. Qxb7 Rab8 23. Qxa6 Qe5 24. Nc3 Qe3+ 25. Kb1 Ng3 26. Rh3 hxg5 27. hxg5 Qxg5 28. Qxd6 Rbd8 29. Qxg3 Bxc3 30. Rxd8 Rxd8 31. Qxg5 1-0

[Event "Regionalliga Mittelrhein 1213"]
[Site "Germany"]
[Date "2013.02.03"]
[Round "7.4"]
[White "Mueller Boge, Michael"]
[Black "Tuerk, Philipp"]
[Result "1/2-1/2"]
[WhiteElo "2058"]
[BlackElo "2066"]
[PlyCount "110"]
[EventDate "2012.09.09"]
[EventType "team"]
[EventRounds "11"]
[EventCountry "GER"]
[SourceTitle "EXT 2015"]
[Source "ChessBase"]
[SourceDate "2014.11.20"]
[SourceVersion "1"]
[SourceVersionDate "2014.11.20"]
[SourceQuality "1"]
[WhiteTeam "Godesberg III"]
[BlackTeam "Gruenfeld"]
[WhiteTeamCountry "GER"]
[BlackTeamCountry "GER"]

1. e4 e6 2. d4 d5 3. Nc3 Bb4 4. e5 c5 5. a3 Bxc3+ 6. bxc3 Qa5 7. Bd2 cxd4 8. cxd4 Qa4 9. Qg4 Ne7 10. Qxg7 Rg8 11. Qf6 Qxd4 12. Rd1 Nd7 13. Qh6 Qxe5+ 14. Be3 Nf5 15. Qh3 Nxe3 16. fxe3 Nf6 17. Rd4 Bd7 18. Bd3 Qg5 19. Rb4 e5 20. Bb5 Qxg2 21. Bxd7+ Nxd7 22. Rxb7 Nc5 23. Qxg2 Rxg2 24. Rc7 Rxc2 25. Kd1 Rc4 26. Nf3 Rb8 27. Nd2 Rc3 28. Rg1 Kd8 29. Rxf7 Nd7 30. Rg8+ Kc7 31. Rxb8 Kxb8 32. Rxd7 Rxe3 33. Rxd5 Rxa3 34. Rxe5 Rh3 35. Re2 Kc7 36. Nf1 Kc6 37. Re5 Kb6 38. Re3 Rh4 39. Rb3+ Kc5 40. Ra3 Kb6 41. Kc2 a5 42. h3 Kb5 43. Rb3+ Kc5 44. Nd2 Kc6 45. Nf3 Rf4 46. Kd2 a4 47. Rd3 Kc5 48. Ng5 Rh4 49. Ne6+ Kc4 50. Nc7 Rd4 51. Rxd4+ Kxd4 52. Ne6+ Ke5 53. Ng5 Kf4 54. Nxh7 Kg3 55. Ng5 Kh4 1/2-1/2

[Event "Mittelrhein-chT 1112"]
[Site "Germany"]
[Date "2012.03.18"]
[Round "10.5"]
[White "Peters, Alex"]
[Black "Mueller Boge, Michael"]
[Result "1/2-1/2"]
[WhiteElo "2144"]
[BlackElo "1999"]
[PlyCount "105"]
[EventDate "2011.09.11"]
[EventType "team-tourn"]
[EventRounds "13"]
[EventCountry "GER"]
[SourceTitle "EXT 2013"]
[Source "ChessBase"]
[SourceDate "2012.11.22"]
[SourceVersion "1"]
[SourceVersionDate "2012.11.22"]
[SourceQuality "1"]
[WhiteTeam "Bruehl"]
[BlackTeam "Godesberg III"]
[WhiteTeamCountry "GER"]
[BlackTeamCountry "GER"]

1. b3 e5 2. e3 d5 3. Bb2 Nc6 4. Bb5 Bd6 5. Nf3 Qe7 6. d4 Bg4 7. dxe5 Bxe5 8. Bxe5 Bxf3 9. Qd4 Bxg2 10. Rg1 f6 11. Rxg2 Qxe5 12. Qxe5+ fxe5 13. Rxg7 Nge7 14. Nc3 a6 15. Bxc6+ bxc6 16. Ke2 Kf8 17. Rg5 Ng6 18. h4 Kf7 19. h5 Kf6 20. Rag1 Ne7 21. e4 Ke6 22. Na4 Kd6 23. f3 Raf8 24. Rg7 a5 25. Nc5 Kxc5 26. Rxe7 Kd6 27. Rgg7 dxe4 28. fxe4 Rf4 29. Kd3 h6 30. Rd7+ Kc5 31. Rxc7 Rd8+ 32. Ke3 Rh4 33. Rg6 Rh3+ 34. Ke2 Rh2+ 35. Ke3 Rh3+ 36. Ke2 Rh2+ 37. Kf3 Rf8+ 38. Kg3 Rff2 39. Rgxc6+ Kb4 40. Rc4+ Ka3 41. Rc3 Kxa2 42. R7c5 Kb2 43. Rd3 Rfg2+ 44. Kf3 Rxc2 45. Rxc2+ Kxc2 46. Rd5 Rxh5 47. Rxa5 Kxb3 48. Kg4 Rg5+ 49. Kh4 Kc4 50. Rd5 Kc3 51. Kh3 h5 52. Kh2 Kc4 53. Kh3 1/2-1/2

[Event "Mittelrhein-chT 1112"]
[Site "Germany"]
[Date "2011.11.13"]
[Round "4.5"]
[White "Klasen, Hendrik"]
[Black "Mueller Boge, Michael"]
[Result "0-1"]
[WhiteElo "1909"]
[BlackElo "1999"]
[PlyCount "54"]
[EventDate "2011.09.11"]
[EventType "team-tourn"]
[EventRounds "13"]
[EventCountry "GER"]
[SourceTitle "EXT 2013"]
[Source "ChessBase"]
[SourceDate "2012.11.22"]
[SourceVersion "1"]
[SourceVersionDate "2012.11.22"]
[SourceQuality "1"]
[WhiteTeam "Horrem"]
[BlackTeam "Godesberg III"]
[WhiteTeamCountry "GER"]
[BlackTeamCountry "GER"]

1. c4 Nf6 2. Nf3 g6 3. d4 Bg7 4. Nc3 d5 5. cxd5 Nxd5 6. Qb3 Nxc3 7. bxc3 0-0 8. e3 b6 9. Bc4 Nc6 10. Ng5 e6 11. Nf3 Na5 12. Qa4 Nxc4 13. Qxc4 a5 14. Ba3 c5 15. Rd1 Qc7 16. Nd2 Bb7 17. f3 Rfd8 18. dxc5 Ba6 19. Qf4 Be5 20. Qg5 Bxc3 21. e4 Rd3 22. Rf1 Bxd2+ 23. Rxd2 Rxa3 24. Rff2 bxc5 25. Rc2 Qxh2 26. Kd2 Qg1 27. Qh4 Rd3+ 0-1

[Event "Mittelrhein-chT 1112"]
[Site "Germany"]
[Date "2011.10.02"]
[Round "2.5"]
[White "Epding, Volker"]
[Black "Mueller Boge, Michael"]
[Result "0-1"]
[WhiteElo "1932"]
[BlackElo "1999"]
[PlyCount "52"]
[EventDate "2011.09.11"]
[EventType "team-tourn"]
[EventRounds "13"]
[EventCountry "GER"]
[SourceTitle "EXT 2013"]
[Source "ChessBase"]
[SourceDate "2012.11.22"]
[SourceVersion "1"]
[SourceVersionDate "2012.11.22"]
[SourceQuality "1"]
[WhiteTeam "Koeln Muelheim"]
[BlackTeam "Godesberg III"]
[WhiteTeamCountry "GER"]
[BlackTeamCountry "GER"]

1. d4 Nf6 2. c4 g6 3. Nc3 d5 4. cxd5 Nxd5 5. e4 Nxc3 6. bxc3 Bg7 7. Bc4 0-0 8. Ne2 c5 9. 0-0 Nc6 10. Be3 Na5 11. Bd3 b6 12. Rb1 cxd4 13. cxd4 Bb7 14. Qd2 e6 15. Bh6 Bxh6 16. Qxh6 e5 17. Qe3 exd4 18. Nxd4 Re8 19. Bb5 Rxe4 20. Qg3 Rxd4 21. Rbc1 Rc8 22. Rce1 Qd5 23. Be2 Qxa2 24. h4 Qb3 25. Qg5 Qd5 26. Qf6 Qxg2# 0-1

[Event "Bad Godesberg op 15th"]
[Site "Bad Godesberg"]
[Date "2011.07.31"]
[Round "9"]
[White "Mueller Boge, Michael"]
[Black "Kutzner, Stephen"]
[Result "1-0"]
[WhiteElo "1999"]
[BlackElo "1997"]
[PlyCount "43"]
[EventDate "2011.07.23"]
[EventType "swiss"]
[EventRounds "9"]
[EventCountry "GER"]
[SourceTitle "EXT 2017"]
[Source "ChessBase"]
[SourceDate "2016.10.25"]
[SourceVersion "1"]
[SourceVersionDate "2016.10.25"]
[SourceQuality "1"]

1. e4 e5 2. Bc4 Nf6 3. d3 d5 4. exd5 Nxd5 5. Nf3 Nc6 6. 0-0 Bg4 7. h3 Be6 8. Re1 Qf6 9. d4 Nb6 10. dxe5 Qd8 11. Bxe6 fxe6 12. Qe2 Be7 13. Rd1 Qc8 14. Bg5 0-0 15. Bxe7 Nxe7 16. c4 Qe8 17. Nc3 Qc6 18. b3 Nf5 19. Nb5 Qc5 20. g4 Ng3 21. Qd3 Rad8 22. Nbd4 1-0

[Event "Bad Godesberg op 15th"]
[Site "Bad Godesberg"]
[Date "2011.07.30"]
[Round "8"]
[White "Zens, Rolf"]
[Black "Mueller Boge, Michael"]
[Result "0-1"]
[WhiteElo "1803"]
[BlackElo "1999"]
[PlyCount "58"]
[EventDate "2011.07.23"]
[EventType "swiss"]
[EventRounds "9"]
[EventCountry "GER"]
[SourceTitle "EXT 2017"]
[Source "ChessBase"]
[SourceDate "2016.10.25"]
[SourceVersion "1"]
[SourceVersionDate "2016.10.25"]
[SourceQuality "1"]

1. e4 c5 2. Nf3 d6 3. d4 cxd4 4. Nxd4 Nf6 5. Nc3 a6 6. Be2 e6 7. 0-0 Be7 8. Be3 0-0 9. f4 Nc6 10. Qe1 Qc7 11. Qf2 Nd7 12. Rad1 Na5 13. Kh1 b5 14. Bf3 Bb7 15. a3 Nc4 16. Bc1 Nxa3 17. bxa3 Qxc3 18. Nb3 Rac8 19. Nd4 Qc7 20. Qg3 Bf6 21. c3 Ba8 22. Bb2 Nc5 23. Rfe1 Na4 24. e5 dxe5 25. fxe5 Nxb2 26. Rb1 Bxf3 27. exf6 Qxg3 28. hxg3 Nd3 29. fxg7 Bxg2+ 0-1

[Event "Bad Godesberg op 15th"]
[Site "Bad Godesberg"]
[Date "2011.07.29"]
[Round "7"]
[White "Winterberg, Lukas"]
[Black "Mueller Boge, Michael"]
[Result "1-0"]
[WhiteElo "2138"]
[BlackElo "1999"]
[PlyCount "120"]
[EventDate "2011.07.23"]
[EventType "swiss"]
[EventRounds "9"]
[EventCountry "GER"]
[SourceTitle "EXT 2017"]
[Source "ChessBase"]
[SourceDate "2016.10.25"]
[SourceVersion "1"]
[SourceVersionDate "2016.10.25"]
[SourceQuality "1"]

1. e4 c5 2. Nc3 d6 3. f4 g6 4. Nf3 Bg7 5. Bc4 Nc6 6. 0-0 Nf6 7. d3 0-0 8. Qe1 Nd4 9. Bb3 a5 10. e5 Nxf3+ 11. Rxf3 dxe5 12. fxe5 Ng4 13. Bf4 e6 14. Kh1 Bd7 15. Qg3 f5 16. exf6 Nxf6 17. Bd6 Nh5 18. Rxf8+ Bxf8 19. Qe5 Qf6 20. Qxf6 Nxf6 21. Bg3 Nh5 22. Be5 Bg7 23. Re1 a4 24. Bc4 Rf8 25. Bxg7 Kxg7 26. Kg1 Nf4 27. Bb5 Bxb5 28. Nxb5 Kf6 29. Re4 Ke7 30. Nc3 Kd6 31. Rxa4 Kc6 32. Re4 b5 33. a4 b4 34. Ne2 Nxe2+ 35. Rxe2 Kd5 36. Re4 b3 37. cxb3 Rb8 38. b4 cxb4 39. b3 Kc5 40. Rc4+ Kd5 41. Kf2 h5 42. Kg3 g5 43. h4 Rg8 44. hxg5 Rxg5+ 45. Kf3 e5 46. Rxb4 Rf5+ 47. Ke2 Rg5 48. Kf2 Rf5+ 49. Kg1 Rg5 50. d4 Rg4 51. Kf2 exd4 52. Kf3 Rh4 53. a5 Kc5 54. a6 Kxb4 55. a7 Kxb3 56. a8Q d3 57. Qd5+ Kb2 58. Qxd3 Rb4 59. Qe2+ Ka3 60. Qa6+ Kb2 1-0

[Event "Bad Godesberg op 15th"]
[Site "Bad Godesberg"]
[Date "2011.07.25"]
[Round "3"]
[White "Mueller Boge, Michael"]
[Black "Gerhards, Bernd"]
[Result "1-0"]
[WhiteElo "1999"]
[BlackElo "1676"]
[PlyCount "61"]
[EventDate "2011.07.23"]
[EventType "swiss"]
[EventRounds "9"]
[EventCountry "GER"]
[SourceTitle "EXT 2017"]
[Source "ChessBase"]
[SourceDate "2016.10.25"]
[SourceVersion "1"]
[SourceVersionDate "2016.10.25"]
[SourceQuality "1"]

1. e4 c5 2. Nf3 d6 3. d4 cxd4 4. Nxd4 Nf6 5. Nc3 g6 6. Be3 Bg7 7. f3 Nc6 8. Qd2 0-0 9. Bc4 Bd7 10. h4 Ne5 11. Bb3 Qa5 12. 0-0-0 Rfc8 13. Kb1 Nc4 14. Bxc4 Rxc4 15. Nb3 Qc7 16. Bd4 Be6 17. h5 Rc8 18. hxg6 fxg6 19. g4 b5 20. Nxb5 Qb7 21. Nc3 Qc7 22. Rh2 a5 23. a4 Rxd4 24. Nxd4 Bf7 25. Ncb5 Qb6 26. Nb3 Ra8 27. Rdh1 Bxb3 28. cxb3 Qc5 29. Qc3 Qg5 30. Qc4+ Kf8 31. Nc7 1-0

[Event "Godesburg op 3rd"]
[Site "Bonn"]
[Date "1999.06.26"]
[Round "8"]
[White "Mueller Boge, Michael"]
[Black "Engelmann, Nikolai"]
[Result "1-0"]
[WhiteElo "2022"]
[BlackElo "2043"]
[PlyCount "47"]
[EventDate "1999.06.18"]
[EventType "swiss"]
[EventRounds "9"]
[EventCountry "GER"]
[SourceTitle "EXT 2008"]
[Source "ChessBase"]
[SourceDate "2007.11.25"]
[SourceVersion "1"]
[SourceVersionDate "2007.11.25"]
[SourceQuality "1"]

1. e4 c5 2. Nf3 Nc6 3. d4 cxd4 4. Nxd4 Nf6 5. Nc3 d6 6. Bg5 Qa5 7. Bb5 Bd7 8. Nb3 Qd8 9. f4 h5 10. Qe2 Rc8 11. e5 Bg4 12. Qf2 dxe5 13. fxe5 Nh7 14. Be3 a6 15. 0-0 f6 16. Bb6 Qd7 17. Nc5 Qf5 18. Qxf5 Bxf5 19. Rxf5 axb5 20. e6 g6 21. Rf2 Nd4 22. Rd1 Rc6 23. Nd5 Rxc5 24. Rxd4 1-0